[Event "Let's Play Chess!"]
[Site "http://www.queenalice.com/game.php?id=240920"]
[Date "2007.7.17"]
[Round "-"]
[White "gogi05"]
[Black "spawnwolfwolverine"]
[Result "0-1"]
[WhiteElo "1921"]
[BlackElo "1800"]

1. Nf3 d5 2. d4 b6 3. e3 Bg4 4. Be2 e6 5. O-O Bd6 6. h3 Bxf3 7. Bxf3 c6 8. Qd3
Ne7 9. Bd2 O-O 10. Nc3 Bc7 11. b4 b5 12. a3 f5 13. Ne2 Qd6 14. g3 Ng6 0-1

[Event "Challenge"]
[Site "http://www.queenalice.com/game.php?id=242240"]
[Date "2007.7.19"]
[Round "-"]
[White "gogi05"]
[Black "Alfram"]
[Result "0-1"]
[WhiteElo "1896"]
[BlackElo "1955"]

1. e4 e5 2. Nf3 Nc6 3. c3 Nf6 4. Qc2 d5 5. d3 dxe4 6. dxe4 Bc5 7. h3 O-O 8. Bg5
h6 9. Bxf6 Qxf6 10. Be2 Be6 11. Nbd2 Rad8 12. Nb3 Bb6 13. Rd1 Rxd1+ 14. Bxd1 Rd8
15. O-O Ne7 16. Be2 Ng6 17. c4 c6 18. Nbd2 Nf4 19. Bd1 Bxh3 20. gxh3 Qg6+ 21.
Ng5 Qxg5+ 22. Bg4 Nxh3+ 23. Kh2 Rxd2 24. Qc3 Nxf2 0-1

[Event "Challenge"]
[Site "http://www.queenalice.com/game.php?id=242242"]
[Date "2007.7.19"]
[Round "-"]
[White "gogi05"]
[Black "haunted_pumpkin"]
[Result "0-1"]
[WhiteElo "1915"]
[BlackElo "2025"]

1. e4 e5 2. Nf3 Nc6 3. c3 Nf6 4. Qc2 d5 5. d3 dxe4 6. dxe4 Bc5 7. h3 O-O 8. Be2
Qe7 9. O-O Rd8 10. Nbd2 a6 11. Nb3 Bb6 12. Bg5 Be6 13. a3 h6 14. Bh4 g5 15. Bg3
Bxb3 16. Qxb3 Nxe4 17. Kh1 Kh8 18. Qc2 f5 19. Rad1 Rxd1 20. Bxd1 Rd8 21. Be2 Qh7
22. Bd3 Nxg3+ 23. fxg3 e4 24. Nxg5 exd3 25. Qd2 hxg5 26. Qxg5 d2 27. Rd1 Qe7 28.
Qh6+ Kg8 29. Qg6+ Qg7 30. Qxf5 Qxg3 31. Qe6+ Kg7 32. Qe2 Be3 33. Qg4+ Qxg4 34.
hxg4 Rh8# 0-1

[Event "Challenge"]
[Site "http://www.queenalice.com/game.php?id=242243"]
[Date "2007.7.19"]
[Round "-"]
[White "gogi05"]
[Black "Strogenstein"]
[Result "1-0"]
[WhiteElo "1900"]
[BlackElo "1905"]

1. e4 e5 2. Nf3 Nc6 3. c3 Bc5 4. h3 Nf6 5. d3 O-O 6. Be2 d5 7. Nbd2 dxe4 8. Nxe4
Nxe4 9. dxe4 f5 10. exf5 Bxf5 11. O-O Qf6 12. Qb3+ Qe6 13. Bc4 1-0

[Event "Challenge"]
[Site "http://www.queenalice.com/game.php?id=242249"]
[Date "2007.7.19"]
[Round "-"]
[White "gogi05"]
[Black "Manolho"]
[Result "0-1"]
[WhiteElo "1936"]
[BlackElo "1811"]

1. e4 d6 2. Nf3 Nf6 3. c3 g6 4. Be2 Bg7 5. O-O O-O 6. d3 c5 7. c4 a6 8. a4 Nc6
9. h3 Rb8 10. Nc3 b6 11. Qc2 Nb4 12. Qd1 Bb7 13. Nh2 Qc7 14. Rb1 e6 15. Bd2 d5
16. Ng4 dxe4 17. Nxf6+ Bxf6 18. Nxe4 Bxe4 19. dxe4 Rbd8 20. Qc2 Nxc2 0-1

[Event "QA-ANNIV-03"]
[Site "http://www.queenalice.com/game.php?id=246822"]
[Date "2007.7.27"]
[Round "2"]
[White "gogi05"]
[Black "Catamarca"]
[Result "1-0"]
[WhiteElo "1872"]
[BlackElo "1261"]

1. e4 e5 2. Nf3 d6 3. c3 Bg4 4. Be2 Nf6 5. O-O Nxe4 6. Qa4+ Nc6 7. Qxe4 Be6 8.
Bb5 Bd7 9. Bxc6 Bxc6 10. Qe3 Be7 11. d3 O-O 12. Nbd2 f5 13. Nb3 f4 14. Qe2 Qe8
15. c4 b6 16. h3 Qg6 17. Nbd2 b5 18. b3 b4 19. Bb2 a5 20. Ne4 Bd7 21. Kh2 Rf5
22. Rh1 Rh5 23. h4 Bg4 24. Kg1 c6 25. Kf1 Bxh4 26. Ke1 d5 27. cxd5 1-0

[Event "Let's Play Chess!"]
[Site "http://www.queenalice.com/game.php?id=247527"]
[Date "2007.7.29"]
[Round "-"]
[White "BigAlex"]
[Black "gogi05"]
[Result "1-0"]
[WhiteElo "2140"]
[BlackElo "1944"]

1. d4 Nf6 2. c4 e6 3. Nc3 h6 4. e4 d6 5. Nf3 Nfd7 6. Bd3 c5 7. d5 e5 8. O-O Be7
9. Be3 Na6 10. a3 Nb6 11. h3 Bd7 12. Re1 Nc7 13. b4 cxb4 14. axb4 Bf6 15. c5 Nc8
16. Qb3 O-O 17. Rec1 Ne8 18. Nb5 a6 19. Nc3 Na7 20. c6 bxc6 21. Rxa6 Nb5 22.
Rxa8 Qxa8 23. dxc6 Bxc6 24. Bxb5 Bxb5 25. Nxb5 Qxe4 26. Nc3 Qb7 27. b5 Nc7 28.
b6 Ne6 29. Nd5 Bg5 30. Nxg5 hxg5 31. Ra1 Rb8 32. Ra7 Qc8 33. Ne7+ 1-0

[Event "QA-ANNIV-03"]
[Site "http://www.queenalice.com/game.php?id=270105"]
[Date "2007.9.11"]
[Round "3"]
[White "Kronista"]
[Black "gogi05"]
[Result "0-1"]
[WhiteElo "1866"]
[BlackElo "1894"]

1. e4 c6 2. d4 d5 3. Nc3 Nf6 4. e5 Ng8 5. Nf3 Bg4 6. Be2 e6 7. h3 Bf5 8. Be3 Nd7
9. g4 Bg6 10. Nh4 Qxh4 0-1

[Event "Challenge"]
[Site "http://www.queenalice.com/game.php?id=273327"]
[Date "2007.9.18"]
[Round "-"]
[White "mateus_amorim"]
[Black "gogi05"]
[Result "0-1"]
[WhiteElo "1663"]
[BlackElo "1892"]

1. d4 Nf6 2. g3 c6 3. Bg2 e6 4. Nf3 h6 5. c3 Be7 6. O-O Na6 7. Na3 Bxa3 8. bxa3
d5 9. Re1 O-O 10. Nd2 Nc7 11. e4 a6 12. e5 Nd7 13. Nb3 b6 14. Qg4 Kh7 15. c4 Rg8
16. Qd1 Nf8 17. Qd3+ Kh8 18. Qc2 Bb7 19. c5 b5 20. Bd2 Ng6 21. Be3 a5 22. Nd2
Na6 23. Nf3 Nb8 24. Qd2 Kh7 25. h4 Nf8 26. Bf1 f5 27. exf6 Qxf6 28. Ne5 Nbd7 29.
Bd3+ Kh8 30. Ng4 Qf7 31. Nxh6 gxh6 32. Bxh6 Nf6 33. Bxf8 Raxf8 34. Re5 Bc8 35.
Qh6+ Nh7 36. Rf1 Qg7 37. Qh5 Qe7 38. Kh2 Rg7 39. f4 Qf7 40. Qf3 Nf6 41. f5 Ng4+
0-1

[Event "Challenge"]
[Site "http://www.queenalice.com/game.php?id=273667"]
[Date "2007.9.18"]
[Round "-"]
[White "Pinone"]
[Black "gogi05"]
[Result "1-0"]
[WhiteElo "2195"]
[BlackElo "1896"]

1. d4 Nf6 2. Bg5 e6 3. e4 Be7 4. Bd3 d6 5. Nf3 Nbd7 6. O-O h6 7. Bh4 Nf8 8. c4
Ng6 9. Bxf6 Bxf6 10. e5 dxe5 11. Bxg6 fxg6 12. dxe5 Be7 13. Qc2 Kf7 14. Rd1 Qe8
15. Nc3 a6 16. Qe4 Rf8 17. Rd3 Kg8 18. Rad1 Rb8 19. Nh4 Bxh4 20. Qxh4 g5 21. Qg3
b6 22. b3 Bb7 23. Ne2 Be4 24. Rd4 Bg6 25. Qe3 Bh5 26. f3 c5 27. Rd6 Kh7 28. Qe4+
Bg6 29. Qc6 Qxc6 30. Rxc6 Rfe8 31. Rdd6 b5 32. cxb5 axb5 33. Rxc5 Ra8 34. Rd2 b4
35. Rc4 Reb8 36. Nd4 Rb6 37. Nc6 Rc8 38. Rd6 Bb1 39. Nxb4 Rxc4 40. Rxb6 Rc1+ 41.
Kf2 Bxa2 42. Nxa2 Rc2+ 43. Kg3 Rxa2 44. Rxe6 Ra5 45. Rb6 Rxe5 46. b4 Re8 47. b5
h5 48. Rb7 Kh6 49. b6 Rd8 50. Kf2 Kg6 51. Ke3 Kf6 52. Rc7 Rb8 53. b7 Kg6 54. Kd4
Kf6 55. Kc5 g6 56. Kb6 Kf5 57. Rc8 Rxb7+ 58. Kxb7 g4 59. fxg4+ Kxg4 60. Kc6 h4
61. Kd5 g5 62. Ke4 h3 63. g3 Kh5 64. Kf5 Kh6 65. Rc7 g4 66. Rd7 1-0

[Event "Challenge"]
[Site "http://www.queenalice.com/game.php?id=274676"]
[Date "2007.9.20"]
[Round "-"]
[White "gogi05"]
[Black "DeepRabbit"]
[Result "0-1"]
[WhiteElo "1891"]
[BlackElo "1856"]

1. e4 c5 2. Nf3 Nc6 3. c3 Nf6 4. d3 d6 5. Be2 g6 6. O-O Bg7 7. c4 Bg4 8. Be3 O-O
9. Nc3 Nd7 10. a4 Bxf3 11. Bxf3 Nd4 12. Bxd4 cxd4 13. Ne2 a5 14. b3 Nc5 15. Rb1
e6 16. Qc2 Ra6 17. Nc1 Rb6 18. Rb2 f5 19. h3 fxe4 20. Be2 exd3 21. Bxd3 Qh4 22.
Rb1 e5 23. f3 Bh6 24. Be4 Be3+ 25. Kh1 Nxe4 0-1

[Event "Challenge"]
[Site "http://www.queenalice.com/game.php?id=293839"]
[Date "2007.10.27"]
[Round "-"]
[White "luizpessoa"]
[Black "gogi05"]
[Result "1-0"]
[WhiteElo "1670"]
[BlackElo "1887"]

1. e4 c6 2. Nf3 d6 3. Bc4 h6 4. e5 d5 5. Be2 e6 6. d4 Ne7 7. h3 Ng6 8. a3 Be7 9.
Nc3 Nd7 10. Bd3 Ndf8 11. Bxg6 Nxg6 12. Bd2 Nh4 13. Nxh4 Bxh4 14. g3 Be7 15. Qg4
Bg5 16. Bxg5 Qxg5 17. Qxg5 hxg5 18. h4 gxh4 19. Rxh4 Rxh4 20. gxh4 Ke7 21. O-O-O
g6 22. f4 Bd7 23. Rh1 Rh8 24. b3 b6 25. Ne2 a5 26. Ng3 c5 27. dxc5 bxc5 28. h5
gxh5 29. Rxh5 a4 30. Rxh8 1-0

[Event "Challenge"]
[Site "http://www.queenalice.com/game.php?id=293841"]
[Date "2007.10.27"]
[Round "-"]
[White "gogi05"]
[Black "luizpessoa"]
[Result "1-0"]
[WhiteElo "1862"]
[BlackElo "1704"]

1. e4 d5 2. e5 a6 3. Nf3 Bg4 4. Be2 Nc6 5. d4 e6 6. h3 Bf5 7. c3 Bxb1 8. Rxb1
Be7 9. O-O Nh6 10. Re1 Nf5 11. a3 b5 12. Nh2 Bg5 13. Bxg5 Qxg5 14. Nf3 Qg6 15.
Bd3 Qg5 16. Nxg5 h6 17. Nf3 O-O 18. Bxf5 exf5 19. Qc2 Ne7 20. g3 Rac8 21. b4 Ng6
22. Qxf5 Rcd8 23. Nh4 Nxh4 24. gxh4 g6 25. Qf6 Ra8 26. Re3 Rfe8 27. Rf3 Rf8 28.
h5 Rae8 29. Qxa6 Re6 30. Qxb5 c6 31. Qd3 g5 32. a4 Kg7 33. a5 f5 34. exf6+ Rfxf6
35. Rxf6 Rxf6 36. Kg2 Kf8 37. Qh7 1-0

[Event "Challenge"]
[Site "http://www.queenalice.com/game.php?id=295614"]
[Date "2007.10.30"]
[Round "-"]
[White "gogi05"]
[Black "Nyvang"]
[Result "1-0"]
[WhiteElo "1874"]
[BlackElo "1823"]

1. e4 g6 2. Nc3 Bg7 3. Nb1 b6 4. Nf3 Bb7 5. d3 e5 6. Nc3 Nf6 7. Bg5 d6 8. Be2 a6
9. O-O Qd7 10. Bxf6 Bxf6 11. h3 O-O 12. Nh2 d5 13. exd5 Bxd5 14. Nxd5 Bg5 15.
Nc3 Nc6 16. Bf3 Rad8 17. Bxc6 Qxc6 18. Ng4 Rfe8 19. Qf3 Qxf3 20. gxf3 f5 21. Nh2
c5 22. Rad1 Rd4 23. Rfe1 b5 24. Ne2 Rh4 25. Kg2 Bf6 26. Ng3 Rf4 27. Nhf1 Rd4 28.
b3 Red8 29. Rb1 c4 30. dxc4 bxc4 31. Re2 h5 32. c3 Rf4 33. Rd2 Rd3 34. Rxd3 cxd3
35. Rd1 e4 36. fxe4 fxe4 37. Nd2 Bxc3 38. Ndxe4 Bd4 39. Rxd3 Be5 40. Nd2 h4 41.
Ngf1 g5 42. f3 Rf8 43. Nc4 Bf4 44. Nfd2 Re8 45. Ne4 Rc8 46. Rd5 Re8 47. Nf6+ 1-0

[Event "QA-ANNIV-03"]
[Site "http://www.queenalice.com/game.php?id=316107"]
[Date "2007.12.6"]
[Round "4"]
[White "Petrozan"]
[Black "gogi05"]
[Result "1-0"]
[WhiteElo "2244"]
[BlackElo "1888"]

1. e4 Nc6 2. d4 d5 3. Nc3 e6 4. Nf3 Bb4 5. e5 Nge7 6. a3 Bxc3+ 7. bxc3 O-O 8.
Bd3 Ng6 9. h4 Nge7 10. Bxh7+ Kxh7 11. Ng5+ Kg8 12. Qh5 Re8 13. Qh7+ Kf8 14. Qh8+
Ng8 15. Nh7+ Ke7 16. Bg5+ Nf6 17. Qxg7 Kd7 18. Nxf6+ 1-0